| 000 | 01449nac a22003131u 4500 | ||
|---|---|---|---|
| 010 | _a 2003058195 | ||
| 020 | _a0805074007 | ||
| 082 | 0 | 0 |
_a327.730090511 _bC5482 |
| 090 |
_c2701 _d2701 |
||
| 100 | _aChomsky, Noam. | ||
| 245 | 1 | 0 |
_aHegemony or survival : _bAmerica's quest for global dominance / _cNoam Chomsky. |
| 260 |
_aNew York : _bMetropolitan Books,2003. |
||
| 300 |
_a301p. ; _c25 cm. |
||
| 504 | _aIncludes bibliographical references:p.257-287 and index. | ||
| 650 | 0 | _aImperialism. | |
| 650 | 0 | _aUnilateral acts (International law) | |
| 650 | 0 | _aIntervention (International law) | |
| 650 | 0 | _aState-sponsored terrorism. | |
| 650 | 0 | _aWar on Terrorism, 2001- | |
| 651 | 0 |
_aUnited States _xForeign relations _y2001- |
|
| 651 | 0 |
_aUnited States _xForeign relations _y20th century. |
|
| 651 | 0 |
_aUnited States _xMilitary policy. |
|
| 856 | 4 | 2 |
_3Contributor biographical information _uhttp://www.loc.gov/catdir/bios/hol053/2003058195.html |
| 856 | 4 | 2 |
_3Table of contents _uhttp://www.loc.gov/catdir/toc/fy045/2003058195.html |
| 856 | 4 | 2 |
_3Sample text _uhttp://www.loc.gov/catdir/samples/hol041/2003058195.html |
| 856 | 4 | 2 |
_3Publisher description _uhttp://www.loc.gov/catdir/description/hol041/2003058195.html |
| 942 |
_cBB _k327.730090511 C5482 |
||
| 999 |
_c2701 _d2701 |
||